[Event "39th Olympiad Men"]
[Site "Khanty-Mansiysk RUS"]
[Date "2010.09.27"]
[Round "6"]
[White "Ivanisevic,I"]
[Black "Campos Moreno,J"]
[Result "1-0"]
[WhiteElo "2613"]
[BlackElo "2484"]

1.d4 d5 2.c4 c6 3.Nf3 Nf6 4.Nc3 e6 5.e3 a6 6.h3 c5 7.cxd5 exd5 8.Bd3 Nc6
9.O-O Be6 10.Ne5 Rc8 11.Bd2 cxd4 12.exd4 Bd6 13.Nxc6 Rxc6 14.Bg5 O-O 15.Qf3 Bb8
16.Rfe1 Qd6 17.Bxf6 Qh2+ 18.Kf1 gxf6 19.Qh5 f5 20.Ne2 Bd7 21.Ng1 Rg6 22.Qf3 Qf4
23.Qxf4 Bxf4 24.Re7 Rd8 25.Nf3 Rb6 26.Re2 Kg7 27.Rae1 Rc8 28.g3 Bd6 29.Kg2 Kf6
30.Ne5 Be6 31.a3 Bxe5 32.dxe5+ Ke7 33.Rd2 Rbc6 34.Kf3 Rc1 35.Rdd1 R1c5 36.Kf4 h6
37.f3 R8c6 38.g4 fxg4 39.hxg4 Rb6 40.Rd2 Bd7 41.Rh1 a5 42.Bf5 Be8 43.Bb1 f6
44.Re1 Bf7 45.Ba2 Rcb5 46.Kf5 fxe5 47.Rxe5+ Kf8 48.Bxd5 Rxb2 49.Rxb2 Rxb2
50.Bxf7 Kxf7 51.Rxa5 Rb6 52.a4 Rf6+ 53.Ke4 Re6+ 54.Kf4 Rc6 55.Kg3 Rc4 56.f4 Kg6
57.Ra8 Rb4 58.f5+ Kf6 59.Kh4 Rb1 60.Rf8+ Kg7 61.Rd8 Rh1+ 62.Kg3 Ra1 63.Rd7+ Kg8
64.Rxb7 Rxa4 65.Kh4  1-0

[Event "39th Olympiad Women"]
[Site "Khanty-Mansiysk RUS"]
[Date "2010.09.27"]
[Round "6"]
[White "Smokina,K"]
[Black "Neo,X"]
[Result "1-0"]
[WhiteElo "2170"]
[BlackElo "1846"]

1.d4 d5 2.c4 e6 3.Nc3 c6 4.e3 Nf6 5.Nf3 Nbd7 6.Bd3 dxc4 7.Bxc4 b5 8.Bd3 Bb7
9.O-O a6 10.e4 c5 11.Bg5 Be7 12.e5 Nd5 13.Ne4 O-O 14.Bxe7 Qxe7 15.Nd6 Rab8
16.dxc5 Nb4 17.Nxb7 Rxb7 18.Be4 Rc7 19.a3 Nc6 20.Bxc6 Rxc6 21.b4 Rd8 22.Qe2 Nf8
23.Rad1 Ng6 24.Rxd8+ Qxd8 25.Rd1 Qe7 26.g3 h6 27.h4 Qe8 28.Nd4 Rc7 29.Nc2 Ne7
30.Rd6 Qc8 31.Qd3 Nc6 32.f4 g6 33.Ne3 h5 34.Nd1 Qb7 35.Nc3 Kg7 36.Ne4 a5
37.Nf6 Rc8 38.Rd7 Qb8 39.Qd6 Qxd6 40.cxd6 axb4 41.axb4 Nd4 42.Rc7 Rd8 43.Ne4 Nf5
44.Ng5 Nxg3  1-0

[Event "39th Olympiad Men"]
[Site "Khanty-Mansiysk RUS"]
[Date "2010.09.27"]
[Round "6"]
[White "Arias Santana,M"]
[Black "Sveshnikov,E"]
[Result "0-1"]
[WhiteElo "2345"]
[BlackElo "2494"]

1.d4 d5 2.c4 e6 3.Nc3 c6 4.Nf3 Nf6 5.e3 Nbd7 6.Bd3 dxc4 7.Bxc4 b5 8.Bd3 Bb7
9.O-O a6 10.a4 b4 11.Ne4 c5 12.Nfd2 cxd4 13.exd4 Be7 14.Qe2 O-O 15.Re1 a5
16.Nf3 Nxe4 17.Bxe4 Bxe4 18.Qxe4 Nf6 19.Qd3 Nd5 20.Bd2 Qb6 21.Rac1 Qa6 22.Qxa6 Rxa6
23.Rc4 Raa8 24.Rc6 Rfc8 25.Rec1 Rxc6 26.Rxc6 Kf8 27.h4 h5 28.g3 Ke8 29.Kf1 Bd8
30.Ke2 Bc7 31.Ng5 Kd7 32.Rc1 Bb6 33.Kd3 Ke7 34.Ne4 Rd8 35.Rc4 e5 36.Be3 Bxd4
37.Bxd4 Nb6 38.Rc7+ Ke8 39.Ng5 Rxd4+ 40.Ke2 Nxa4 41.Ra7 Nxb2 42.Rxa5 Nc4
43.Rb5 Nd6 44.Rxe5+ Kd7 45.Nf3 b3 46.Re3 Re4 47.Nd2 b2 48.Nb1 Ke6 49.f3 Rxe3+
50.Kxe3 Nf5+ 51.Kf4 g6 52.Nc3 Nd4 53.Ke3 Nc2+ 54.Kf4 Na3 55.g4 f6  0-1

[Event "EYCC Girls U12"]
[Site "Batumi GEO"]
[Date "2010.09.28"]
[Round "9"]
[White "Brandl,L"]
[Black "Gueci,Tea"]
[Result "0-1"]
[WhiteElo "1542"]
[BlackElo "1789"]

1.d4 d5 2.c4 c6 3.Nf3 Nf6 4.Nc3 e6 5.e3 Nbd7 6.Qc2 Bd6 7.Bd3 dxc4 8.Bxc4 b5
9.Be2 Bb7 10.O-O O-O 11.Rd1 Qc7 12.e4 e5 13.Bg5 a6 14.dxe5 Bxe5 15.Nxe5 Qxe5
16.Qd2 Rad8 17.Bf4 Qe6 18.Qc2 Rfe8 19.f3 h6 20.a3 Ne5 21.Rac1 c5 22.Be3 c4
23.Rd2 Rd7 24.Rxd7 Nexd7 25.Rd1 Nb6 26.Bf4 Qc6 27.Kf1 Nh5 28.Be3 Qc7 29.Bxb6 Qxb6
30.Qd2 Nf6 31.Qd4 Qe6 32.Qd6 Qc8 33.Nd5 Nxd5 34.exd5 Rd8 35.Qe5 Qc5 36.f4 Rxd5
37.Rxd5 Qxd5  0-1

[Event "39th Olympiad Women"]
[Site "Khanty-Mansiysk RUS"]
[Date "2010.09.28"]
[Round "7"]
[White "Medic,Mir"]
[Black "Hoolt,S"]
[Result "1/2-1/2"]
[WhiteElo "2264"]
[BlackElo "2251"]

1.d4 d5 2.c4 e6 3.Nc3 c6 4.e3 Nf6 5.Nf3 Nbd7 6.Qc2 Bd6 7.b3 O-O 8.Bb2 b6
9.Be2 Bb7 10.O-O Qe7 11.Rad1 Rfe8 12.Rfe1 Rad8 13.h3 a6 14.e4 dxe4 15.Nxe4 Bb4
16.Nc3 c5 17.dxc5 Bxc5 18.Rf1 Nh5 19.Na4 Nf4 20.Nxc5 Nxc5 21.Rxd8 Rxd8 22.Rd1 f6
23.Rxd8+ Qxd8 24.Qd1 Nxe2+ 25.Qxe2 e5 26.b4 Nd3 27.Bc3 b5 28.cxb5 axb5 29.Ne1 Nxe1
30.Bxe1 Qd5 31.f3 h6 32.Qc2 Qd4+ 33.Qf2  1/2-1/2

[Event "39th Olympiad Men"]
[Site "Khanty-Mansiysk RUS"]
[Date "2010.09.28"]
[Round "7"]
[White "Purnama,T"]
[Black "Sveshnikov,E"]
[Result "1/2-1/2"]
[WhiteElo "2400"]
[BlackElo "2494"]

1.d4 d5 2.c4 e6 3.Nc3 c6 4.Nf3 Nf6 5.e3 Nbd7 6.Qc2 Bd6 7.Be2 O-O 8.O-O Re8
9.Rd1 Qe7 10.b3 b6 11.a4 a5 12.Bb2 Bb7 13.Rac1 Rac8 14.Qb1 Nb8 15.Bd3 Nbd7
16.Be2 h6 17.h3 Nb8 18.Bd3 Nbd7 19.Be2 Nb8 20.Bd3 Nbd7 21.Be2  1/2-1/2

[Event "39th Olympiad Women"]
[Site "Khanty-Mansiysk RUS"]
[Date "2010.09.28"]
[Round "7"]
[White "Nakagawa,E"]
[Black "Saleh,No"]
[Result "0-1"]
[WhiteElo "1806"]
[BlackElo "1906"]

1.d4 d5 2.c4 e6 3.Nc3 c6 4.e3 Nf6 5.Nf3 a6 6.Qc2 dxc4 7.Bxc4 b5 8.Be2 Bb7
9.O-O Be7 10.b3 O-O 11.Bb2 Nbd7 12.Rfd1 Rc8 13.Rac1 Qb6 14.Qb1 Rfd8 15.h3 c5
16.dxc5 Bxc5 17.a3 Qa7 18.b4 Be7 19.Nd2 Qa8 20.Bf3 Nb6 21.Bxb7 Qxb7 22.Ne2 Rxc1
23.Qxc1 Rc8 24.Qb1 Nfd5 25.Rc1 Qd7 26.Rxc8+ Qxc8 27.Qc1 Qxc1+ 28.Nxc1 f5
29.Nd3 Nd7 30.Kf1 Kf7 31.Ke2 Bd6 32.e4 Nf4+ 33.Nxf4 Bxf4 34.exf5 exf5 35.Nb3 g6
36.Bc1 Be5 37.Kd3 Ke6 38.f4 Bd6 39.g3 Kd5 40.Be3 Be7 41.Bd2 Nb6 42.Bc1 Nc4
43.Nd2 Nxd2 44.Bxd2 Bf6 45.Bc1 h6 46.g4 h5 47.g5 Bd4 48.Ke2 Ke4  0-1

[Event "39th Olympiad Men"]
[Site "Khanty-Mansiysk RUS"]
[Date "2010.09.28"]
[Round "7"]
[White "Bennett,Ala"]
[Black "Ayyad,M"]
[Result "1/2-1/2"]
[WhiteElo "2154"]
[BlackElo "2160"]

1.d4 d5 2.c4 e6 3.Nc3 Nf6 4.Nf3 c6 5.e3 Nbd7 6.Bd3 Bd6 7.O-O O-O 8.e4 dxc4
9.Bxc4 e5 10.Bg5 Qc7 11.d5 Bb4 12.Bxf6 Nxf6 13.dxc6 Bxc3 14.bxc3 Qxc6 15.Nxe5 Qc5
16.Qd4 Qxd4 17.cxd4 Nxe4 18.Rfd1 Nd6 19.Bd5 Kh8 20.Rac1 f6 21.Nc4 Nf5 22.Ne3 Nd6
23.Rc7 Rd8 24.a4 Rb8 25.h3 Bd7 26.Bb3 Rbc8 27.Rdc1 Ne8 28.Rxc8 Rxc8 29.Rxc8 Bxc8
30.Kf1 Nd6 31.f3 g6 32.Ke2 Kg7 33.Kd3 Kf8 34.Kc3 Bd7 35.Kb4 b6 36.a5 Bc6
37.axb6 axb6 38.Bd5 Bd7 39.Bc4 Bc6 40.Bd5 Bd7 41.Bc4 Bc6  1/2-1/2

[Event "39th Olympiad Women"]
[Site "Khanty-Mansiysk RUS"]
[Date "2010.09.28"]
[Round "7"]
[White "Naipal,V"]
[Black "Moreno Garcia,E"]
[Result "0-1"]
[WhiteElo "1845"]
[BlackElo "2024"]

1.d4 d5 2.c4 c6 3.Nc3 Nf6 4.e3 e6 5.Nf3 Bd6 6.Bd3 Nbd7 7.e4 dxe4 8.Nxe4 Nxe4
9.Bxe4 f5 10.Bc2 O-O 11.O-O h6 12.Re1 Nf6 13.Ne5 g5 14.h4 Nh7 15.Qh5 Qf6
16.hxg5 hxg5 17.f4 g4 18.Kf2 Qg7 19.Rh1 Nf6 20.Qh6 Rd8 21.Be3 Bf8 22.Qxg7+ Bxg7
23.g3 Bd7 24.Rad1 Be8 25.b3 b6 26.Rd2 Rac8 27.Rhd1 Bf8 28.Kg2 Rd6 29.Bb1 Rcd8
30.Kg1 c5 31.Kf1 Nh5 32.Kf2 cxd4 33.Rxd4 Rxd4 34.Rxd4 Rxd4 35.Bxd4 Bd6 36.Bd3 Kf8
37.Bf1 Ke7 38.Bg2 Bc5 39.Bxc5+ bxc5 40.Bc6 Nf6 41.Bxe8 Ne4+ 42.Kg2 Kxe8 43.Nc6 Nc3
44.a4 Ne4 45.Nxa7 Nd2 46.Nb5 Nxb3 47.Kf2 Nd2 48.Na3 Kd7 49.Nb5 Nxc4 50.Nc3 Kc6
51.Ke2 Nb6 52.Kd3 Nd5 53.Ne2 Nf6 54.Kc4 Nd7 55.Nc3 e5 56.Nd5 Nb6+ 57.Nxb6 Kxb6
58.fxe5 f4 59.gxf4 g3 60.e6 Kc6 61.a5 g2 62.f5 g1=Q 63.a6 Qf1+  0-1

[Event "39th Olympiad Men"]
[Site "Khanty-Mansiysk RUS"]
[Date "2010.09.29"]
[Round "8"]
[White "Agrest,E"]
[Black "Vallejo Pons,F"]
[Result "0-1"]
[WhiteElo "2585"]
[BlackElo "2697"]

1.d4 d5 2.c4 e6 3.Nf3 Nf6 4.Nc3 c6 5.e3 Nbd7 6.Qc2 Bd6 7.Bd3 dxc4 8.Bxc4 b5
9.Bd3 Bb7 10.a3 a6 11.b4 a5 12.Rb1 axb4 13.axb4 Qe7 14.Bd2 O-O 15.O-O Bxb4
16.e4 Bxc3 17.Bxc3 Rfc8 18.Bb4 c5 19.dxc5 Nxc5 20.Qe2 Qd8 21.Bxc5 Rxc5 22.Rfd1 Qb8
23.h3 h6 24.Nd2 Qf4 25.g3 Qe5 26.Rb3 Ra1 27.Rbb1 Ra2 28.Nf3 Rxe2 29.Nxe5 Ra2
30.Rxb5 Rxb5 31.Bxb5 Nxe4 32.Rd8+ Kh7 33.Bd3 f5 34.Bxe4 fxe4 35.Kf1 Ra1+
36.Ke2 Ba6+ 37.Kd2 Ra2+ 38.Ke3 Re2+ 39.Kf4 Rxf2+ 40.Ke3 Re2+ 41.Kf4 Rf2+
42.Ke3 Rg2 43.g4 Rh2 44.Nd7 Kg6 45.Nc5 Rxh3+ 46.Kd4 e3 47.Nxe6 e2 48.Nf4+ Kh7
49.Re8 Rg3 50.Nxe2 Rxg4+ 51.Ke3 Bxe2 52.Kxe2 Rf4 53.Re7 h5  0-1

[Event "39th Olympiad Men"]
[Site "Khanty-Mansiysk RUS"]
[Date "2010.09.29"]
[Round "8"]
[White "Wojtaszek,R"]
[Black "Aronian,L"]
[Result "1/2-1/2"]
[WhiteElo "2711"]
[BlackElo "2783"]

1.d4 d5 2.c4 c6 3.Nc3 Nf6 4.e3 e6 5.Nf3 Nbd7 6.Qc2 Bd6 7.Bd3 O-O 8.O-O dxc4
9.Bxc4 b5 10.Be2 Bb7 11.Rd1 Qb8 12.e4 e5 13.Bg5 Re8 14.dxe5 Nxe5 15.Bxf6 Nxf3+
16.Bxf3 gxf6 17.g3 Bc5 18.Bg4 Qe5 19.Bd7 Red8 20.Ne2 Bb6 21.Nf4 Bd4 22.Qe2 c5
23.Bf5 Bc8 24.Bxc8 Raxc8 25.Rd2 b4 26.Rad1 Re8 27.Qg4+ Kh8 28.Ne2 Qxe4 29.Qxe4 Rxe4
30.Nxd4 cxd4 31.Rxd4 Rxd4 32.Rxd4 Rc1+ 33.Kg2 Ra1 34.Rxb4 Rxa2 35.Kf3 a5
36.Rb3 a4 37.Ra3 Rxb2 38.Rxa4  1/2-1/2

[Event "39th Olympiad Women"]
[Site "Khanty-Mansiysk RUS"]
[Date "2010.09.29"]
[Round "8"]
[White "Begum,M"]
[Black "Baciu,D"]
[Result "0-1"]
[WhiteElo "1902"]
[BlackElo "2153"]

1.d4 d5 2.c4 c6 3.e3 Nf6 4.Nc3 e6 5.Nf3 Nbd7 6.Bd3 dxc4 7.Bxc4 b5 8.Bd3 Bb7
9.O-O b4 10.Na4 c5 11.dxc5 Qa5 12.Nd4 Bxc5 13.Nxc5 Qxc5 14.Bd2 O-O 15.Rc1 Qd5
16.f3 a5 17.Bc4 Qd6 18.Qe2 Ne5 19.Bb5 Rfd8 20.Rfd1 Rac8 21.Be1 Qe7 22.Bf2 Nd5
23.Bg3 Ng6 24.Bc6 Rf8 25.e4 Ndf4 26.Qe3 e5 27.Nf5 Qc7 28.Rd7 Qxd7 29.Bxd7 Rxc1+
30.Be1 Rd8 31.Bb5 Rdd1 32.Qb6 Rxe1+ 33.Kf2 Red1 34.Ne3 Rd2+ 35.Kg3 Rg1 36.Bf1 Rxf1
37.Qxb7 Rg1 38.Qb8+ Nf8 39.h3 Rgxg2+ 40.Nxg2 Rxg2+ 41.Kh4  0-1

[Event "39th Olympiad Men"]
[Site "Khanty-Mansiysk RUS"]
[Date "2010.09.30"]
[Round "9"]
[White "Wassin,S"]
[Black "Palacios,E"]
[Result "1-0"]
[WhiteElo "2295"]
[BlackElo "2184"]

1.d4 d5 2.c4 c6 3.Nf3 Nf6 4.Nc3 e6 5.e3 Nbd7 6.Qc2 Bd6 7.Bd3 O-O 8.O-O dxc4
9.Bxc4 e5 10.Bb3 exd4 11.exd4 Nb6 12.Bg5 Be7 13.Rfe1 Nbd5 14.Bxd5 Nxd5 15.Nxd5 Bxg5
16.Nxg5 Qxg5 17.Re5 Qd8 18.Ne7+ Kh8 19.Qf5  1-0

[Event "39th Olympiad Women"]
[Site "Khanty-Mansiysk RUS"]
[Date "2010.09.30"]
[Round "9"]
[White "Girya,O"]
[Black "Javakhishvili,L"]
[Result "1/2-1/2"]
[WhiteElo "2414"]
[BlackElo "2451"]

1.d4 d5 2.c4 c6 3.Nc3 Nf6 4.Nf3 e6 5.e3 Nbd7 6.Qc2 Bd6 7.b3 O-O 8.Be2 e5
9.cxd5 cxd5 10.Nb5 Bb4+ 11.Bd2 Bxd2+ 12.Nxd2 a6 13.dxe5 Nxe5 14.Nd4 Bg4 15.Bxg4 Nfxg4
16.O-O Rc8 17.Qd1 Qd6 18.N2f3 Nxf3+ 19.Nxf3 Rc5 20.Rc1 Nf6 21.Rxc5 Qxc5 22.a4 Rc8
23.Nd4 Qd6 24.Qf3 Rc3 25.Rd1 g6 26.g3 Kg7 27.Kg2 Qe5 28.Qe2 Qh5 29.Qe1 Rc7
30.Qd2 Qg4 31.Rc1 Qc8 32.Rxc7 Qxc7 33.Qb4 h5 34.h3 Ne4 35.Ne2 Qc6 36.Qd4+ Qf6
37.Nf4 Qxd4 38.exd4 Nd2 39.b4 Nb3 40.Nxd5 Nxd4 41.Kf1 g5 42.f4 f6 43.Kf2 Kf7
44.Ke3 Nf5+ 45.Kf3 Ke6 46.Nc3 Nd4+ 47.Ke4 Nf5 48.Ne2 Nd6+ 49.Kd4 b6 50.fxg5 fxg5
51.g4 hxg4 52.hxg4 Nf7 53.Nc3 Ne5 54.Ne4 Nxg4 55.Nxg5+ Kd6 56.Ne4+ Kc6 57.Nd2 Nf6
58.Nc4 Nd5 59.b5+ axb5 60.axb5+ Kxb5 61.Kxd5  1/2-1/2

[Event "39th Olympiad Women"]
[Site "Khanty-Mansiysk RUS"]
[Date "2010.09.30"]
[Round "9"]
[White "Naipal,V"]
[Black "Saleh,No"]
[Result "1/2-1/2"]
[WhiteElo "1845"]
[BlackElo "1906"]

1.d4 d5 2.c4 e6 3.Nc3 c6 4.e3 Nf6 5.Nf3 Bd6 6.Bd3 Nbd7 7.e4 dxc4 8.Bxc4 e5
9.Bg5 O-O 10.O-O Qc7 11.Bxf6 Nxf6 12.dxe5 Bxe5 13.Nxe5 Qxe5 14.Qe2 Ng4 15.g3 Qh5
16.h4 Qc5 17.Rac1 Ne5 18.Nd1 Qe7 19.Ne3 Bh3 20.Rfd1 Rad8 21.Kh2 Bc8 22.f4 Rxd1
23.Rxd1 Nxc4 24.Nxc4 Rd8 25.e5 Rxd1 26.Qxd1 Be6 27.Qd6 Qxd6 28.Nxd6 b6 29.a3 Kf8
30.Kg2 Ke7 31.Kf2 f6 32.Ke3 fxe5 33.fxe5 a6 34.Kd3 Bd7 35.b4 Be6 36.Kd4 Kd7  1/2-1/2

[Event "Highlands Open"]
[Site "Zdar nad Sazavou CZE"]
[Date "2010.09.30"]
[Round "7"]
[White "Bartos,J"]
[Black "Boguszlavszkij,J"]
[Result "1/2-1/2"]
[WhiteElo "2183"]
[BlackElo "2235"]

1.d4 Nf6 2.Nf3 d5 3.c4 e6 4.Nc3 c6 5.e3 Ne4 6.Bd3 f5 7.Ne5 Qh4 8.O-O Be7
9.f3 Nxc3 10.bxc3 Nd7 11.Nxd7 Bxd7 12.Qb3 Bd6 13.f4 Rb8 14.Ba3 Qe7 15.Bxd6 Qxd6
16.Qb4 Qxb4 17.cxb4 Ke7 18.c5 g5 19.g3 Rhg8 20.Kf2 h5 21.h4 g4  1/2-1/2

[Event "39th Olympiad Women"]
[Site "Khanty-Mansiysk RUS"]
[Date "2010.10.01"]
[Round "10"]
[White "Ubaldo Suarez,M"]
[Black "Ranasinghe,S"]
[Result "1-0"]
[WhiteElo "2054"]
[BlackElo "1822"]

1.d4 d5 2.Nf3 Nf6 3.c4 e6 4.Nc3 c6 5.e3 Nbd7 6.Bd3 dxc4 7.Bxc4 b5 8.Bd3 a6
9.e4 c5 10.e5 cxd4 11.Nxb5 axb5 12.exf6 e5 13.fxg7 Bxg7 14.Qe2 b4 15.Nxd4 Bb7
16.Nf5 Qf6 17.Bd2 Bf8 18.f4 Rg8 19.Be4 Ba6 20.Qf3 Rc8 21.Bb7 Qxf5 22.Bxa6 e4
23.Qe2 Rb8 24.Rc1 Rg6 25.Rc8+ Rxc8 26.Bxc8 Re6 27.Be3 Kd8 28.Bxd7 Kxd7 29.O-O Rd6
30.Rc1 Rd3 31.Qc2 Ke8 32.Qc6+ Qd7 33.Qa8+ Ke7 34.Qxe4+ Kf6 35.Qe5+  1-0

[Event "39th Olympiad Men"]
[Site "Khanty-Mansiysk RUS"]
[Date "2010.10.01"]
[Round "10"]
[White "Stefansson,H"]
[Black "Sveshnikov,E"]
[Result "0-1"]
[WhiteElo "2585"]
[BlackElo "2494"]

1.d4 d5 2.c4 e6 3.Nf3 Nf6 4.Nc3 c6 5.e3 Nbd7 6.Bd3 dxc4 7.Bxc4 b5 8.Bd3 b4
9.Ne4 Nxe4 10.Bxe4 Bb7 11.O-O Bd6 12.a3 bxa3 13.Nd2 Qc7 14.Nc4 Bxh2+ 15.Kh1 Nb6
16.Nxb6 axb6 17.g3 Bxg3 18.fxg3 a2 19.Kg2 O-O 20.Bd2 f5 21.Bf3 g5 22.Kf2 g4
23.Bg2 c5 24.Bxb7 Qxb7 25.Bc3 c4 26.Bb4 Rf6 27.Rh1 b5 28.Kg1 Qe4 29.Qd2 Ra4
30.Bd6 b4 31.Be5 Rf7 32.Rh6 Qb1+  0-1

[Event "39th Olympiad Women"]
[Site "Khanty-Mansiysk RUS"]
[Date "2010.10.01"]
[Round "10"]
[White "Ushenina,A"]
[Black "Javakhishvili,L"]
[Result "1/2-1/2"]
[WhiteElo "2466"]
[BlackElo "2451"]

1.Nf3 d5 2.d4 Nf6 3.c4 c6 4.Nc3 e6 5.e3 Nbd7 6.Qc2 Bd6 7.b3 O-O 8.Bb2 e5
9.Be2 exd4 10.Nxd4 Ne5 11.cxd5 cxd5 12.O-O a6 13.Rac1 Be6 14.h3 Rc8 15.Nxe6 fxe6
16.Qd2 Qe7 17.Qd4 Nc6 18.Qd2 Rcd8 19.Bd3 Bb8 20.Ne2 Qd6 21.Ng3 d4 22.Bb1 Nh5
23.Qd3 g6 24.exd4 Nxg3 25.Qxg3 Qxg3  1/2-1/2

[Event "39th Olympiad Men"]
[Site "Khanty-Mansiysk RUS"]
[Date "2010.10.01"]
[Round "10"]
[White "Hansen,SuB"]
[Black "Al Sayed,Mohamad"]
[Result "1-0"]
[WhiteElo "2595"]
[BlackElo "2495"]

1.d4 d5 2.c4 c6 3.Nc3 Nf6 4.e3 e6 5.Nf3 Nbd7 6.Bd3 dxc4 7.Bxc4 b5 8.Bd3 a6
9.a4 b4 10.Ne4 c5 11.Nxf6+ Nxf6 12.dxc5 Bxc5 13.e4 Bb7 14.Qe2 Qb6 15.O-O h6
16.Bf4 Rd8 17.Ne5 Qa7 18.Nc4 Qa8 19.Rfe1 Rxd3 20.Qxd3 O-O 21.Be3 Bxe4 22.Qf1 Bxe3
23.Nxe3 Nd5 24.Nxd5 Bxd5 25.f3 b3 26.Rac1 Qb7 27.Red1 Ra8 28.Qd3 Rb8 29.Qd4 Rc8
30.Rc5 Rxc5 31.Qxc5 Qd7 32.Rd4 Qd8 33.Rd3 Qh4 34.Qa5 Qc4 35.Rd1 Kh7 36.h3 f5
37.Qe1 Qxa4 38.Qe3 Qh4 39.Rd4 Qf6 40.Qd2 Qe5 41.Ra4 Qg3 42.Qc3 Qd6 43.Ra5 Qb6+
44.Rc5 Qa7 45.Kh2 Qe7 46.Rc7 Qd6+ 47.Kg1 Qg3 48.Rd7 h5 49.Qc7 h4 50.Qxg3 hxg3
51.Rd6 g5 52.Rxa6 Kg6 53.Ra4 f4 54.Kf1 Kf5 55.Ke2 e5 56.Kd3 Bb7 57.Ra5 Ke6
58.Ra7 Bc6 59.Ra6 Kd5 60.Rb6 Bd7 61.Ke2 Kc4 62.Rg6 g4 63.hxg4 Bb5 64.Rb6  1-0

[Event "9th Sparkassen Open"]
[Site "Forchheim GER"]
[Date "2010.10.02"]
[Round "2"]
[White "Golda,H"]
[Black "Pogan,N"]
[Result "1-0"]
[WhiteElo "2315"]
[BlackElo "2150"]

1.d4 d5 2.Nf3 Nf6 3.c4 c6 4.Nc3 e6 5.e3 Nbd7 6.Bd3 dxc4 7.Bxc4 b5 8.Bd3 a6
9.a4 b4 10.Nb1 Bb7 11.Nbd2 c5 12.O-O Be7 13.Qe2 O-O 14.e4 cxd4 15.e5 Nd5
16.Qe4 g6 17.Nb3 Ra7 18.Qxd4 Qb6 19.Qg4 Nc5 20.Nxc5 Qxc5 21.Bh6 Rd8 22.Rfc1 Qa5
23.Nd4 Nb6 24.Be3 Raa8 25.Rc7 Rd7 26.Rxb7 Rxb7 27.Nc6 Qd5 28.Be4 Qd1+  1-0

[Event "Tatry Open"]
[Site "Tatranske Zruby CZE"]
[Date "2010.10.02"]
[Round "1"]
[White "Koci,L"]
[Black "Halas,Mi"]
[Result "1/2-1/2"]
[WhiteElo "2003"]
[BlackElo "1935"]

1.d4 d5 2.c4 c6 3.Nf3 Nf6 4.Nc3 e6 5.e3 Bd6 6.Bd3 Nbd7 7.O-O O-O 8.e4 dxe4
9.Nxe4 Nxe4 10.Bxe4 e5 11.dxe5 Nxe5 12.Nxe5 Bxe5 13.Bxh7+ Kxh7 14.Qh5+ Kg8
15.Qxe5 Re8 16.Qc3 Bf5 17.Be3 Qd6 18.Rad1 Qg6 19.Rd2 Re4 20.f3 Re6 21.g4 Rae8
22.Re1 R6e7 23.Kh1 Bxg4 24.fxg4 Qe4+ 25.Kg1 Qf3 26.Rf2 Qh3 27.Bd2 Qxc3 28.Rxe7 Qxb2
29.Rxe8+ Kh7 30.Be3 Qb1+ 31.Kg2 Qd3 32.Rxf7 Qxc4 33.Ree7 Qxg4+ 34.Kf2 Qh4+
35.Kf1 Qc4+ 36.Ke1 Qh4+ 37.Kd1 Qa4+ 38.Ke1 Qh4+ 39.Kf1 Qc4+ 40.Kg1 Qg4+ 41.Kf2 Qh4+
42.Kf3 Qh3+ 43.Ke4 Qg2+ 44.Kd3 Qd5+  1/2-1/2

[Event "Tatry Open"]
[Site "Tatranske Zruby CZE"]
[Date "2010.10.02"]
[Round "1"]
[White "Olvecky,Jaroslav"]
[Black "Przybylowicz,K"]
[Result "1-0"]
[WhiteElo "1919"]
[BlackElo "1808"]

1.d4 Nf6 2.Nf3 d5 3.c4 c6 4.Nc3 e6 5.e3 Be7 6.Bd2 Nbd7 7.b3 O-O 8.Bd3 Re8
9.Qc2 Qc7 10.cxd5 exd5 11.O-O Nf8 12.Ne5 Bd6 13.f4 a6 14.a4 Bd7 15.a5 c5
16.Na4 Bxa4 17.Rxa4 Rac8 18.Qb1 Ne4 19.Bxe4 dxe4 20.Qxe4 Re6 21.Qf3 cxd4
22.Rc4 Qb8 23.exd4 Rd8 24.f5 Ree8 25.Bc3 Nd7 26.Nxd7 Bxh2+ 27.Kh1 Rxd7 28.f6 Re6
29.d5 Re8 30.Qh3 Rxd5 31.Rg4 h5 32.Rxg7+ Kh8 33.Qxh2 Qd8 34.Qf4  1-0

[Event "39th Olympiad Women"]
[Site "Khanty-Mansiysk RUS"]
[Date "2010.10.03"]
[Round "11"]
[White "Limontaite,S"]
[Black "Lestari,B"]
[Result "1-0"]
[WhiteElo "2187"]
[BlackElo "2177"]

1.d4 d5 2.c4 c6 3.Nc3 Nf6 4.e3 e6 5.Nf3 Nbd7 6.Bd3 dxc4 7.Bxc4 b5 8.Bd3 Bb7
9.e4 b4 10.Na4 c5 11.e5 Nd5 12.O-O cxd4 13.Nxd4 Nxe5 14.Bb5+ Nd7 15.Qh5 g6
16.Qe2 Qf6 17.Bxd7+ Kxd7 18.Qb5+ Kc7 19.Be3 Qe7 20.Rac1+ Kd8 21.Nc5 Nb6 22.Rfd1 Kc7
23.Na6+  1-0

[Event "39th Olympiad Women"]
[Site "Khanty-Mansiysk RUS"]
[Date "2010.10.03"]
[Round "11"]
[White "Sultana,S"]
[Black "Coimbra,M"]
[Result "1/2-1/2"]
[WhiteElo "1984"]
[BlackElo "2090"]

1.d4 d5 2.c4 c6 3.Nf3 Nf6 4.e3 e6 5.Nc3 a6 6.Qc2 c5 7.b3 Nc6 8.Bb2 cxd4 9.Nxd4 Nxd4
10.exd4 dxc4 11.bxc4 Qxd4 12.Nd5 Qc5 13.Nxf6+ gxf6 14.Bxf6 Qa5+ 15.Ke2 Rg8
16.Rd1 Bd7 17.Qd3 Qxa2+ 18.Rd2 Qa4 19.g3 Rg6 20.Bg2 Rxf6 21.Ra1 Rxf2+ 22.Kxf2 Bc5+
23.Ke2 Qxa1 24.Qxd7+ Kf8 25.Qxb7 Qe5+ 26.Qe4 Qxe4+ 27.Bxe4 Ra7 28.Bxh7 f5
29.Bg6 Rg7 30.Rd8+ Ke7 31.Rc8 Bd6 32.Bh5 Rh7 33.c5 Rxh5 34.cxd6+ Kxd6 35.h4 f4
36.Kf3 fxg3 37.Kxg3 Ke7 38.Ra8 a5 39.Kg4 Rb5 40.h5 Kf6 41.Rf8+ Kg7 42.Re8  1/2-1/2

[Event "39th Olympiad Men"]
[Site "Khanty-Mansiysk RUS"]
[Date "2010.10.03"]
[Round "11"]
[White "Fernandez,Fr"]
[Black "Cabralis,K"]
[Result "1-0"]
[WhiteElo "2313"]
[BlackElo "2169"]

1.d4 d5 2.c4 c6 3.Nc3 Nf6 4.Nf3 e6 5.e3 Bd6 6.Be2 O-O 7.O-O Nbd7 8.Qc2 dxc4
9.Bxc4 b5 10.Be2 a6 11.Rd1 Qc7 12.Ne4 Nxe4 13.Qxe4 Bb7 14.Bd3 Nf6 15.Qh4 e5
16.e4 Nd7 17.Be3 Rfe8 18.Rac1 Be7 19.Qg3 Bd6 20.Qh3 Bc8 21.Qh4 Nf8 22.d5 Ng6
23.Qg3 Bd7 24.dxc6 Bxc6 25.Bc2 Rad8 26.Bb3 Qb7 27.Ng5 Rf8 28.Qg4 Be7 29.Rxd8 Bxd8
30.Nxf7 Rxf7 31.Qe6 Kh8 32.Qxf7 Qxf7 33.Bxf7 Ne7 34.Bg5  1-0

[Event "39th Olympiad Women"]
[Site "Khanty-Mansiysk RUS"]
[Date "2010.10.03"]
[Round "11"]
[White "Bakri,Al"]
[Black "Elansary, Eman"]
[Result "0-1"]
[WhiteElo "1904"]
[BlackElo "1836"]

1.d4 d5 2.c4 c6 3.Nc3 Nf6 4.Nf3 e6 5.e3 Nbd7 6.cxd5 exd5 7.Bd3 Bd6 8.O-O O-O
9.Re1 Re8 10.Qc2 h6 11.Bd2 Bc7 12.Rac1 Nf8 13.h3 Be6 14.b4 a6 15.a4 Qc8 16.Bf1 Bf5
17.Qb3 Ng6 18.b5 axb5 19.axb5 Rb8 20.Ra1 Qd7 21.Rec1 Ne4 22.Be1 Ng5 23.Nxg5 hxg5
24.Ne2 g4 25.hxg4 Bxg4 26.Ng3 Bxg3 27.fxg3 Ne7 28.Bd3 g6 29.bxc6 bxc6 30.Qc3 Kg7
31.Rcb1 Rxb1 32.Rxb1 Bf5 33.Bf2 Rh8 34.Qc2 Bh3 35.Be1 Bf5 36.Bf2 Bxd3 37.Qxd3 Nf5
38.e4 Nd6 39.exd5 cxd5 40.Qf3 Ne4 41.Be3 Rc8 42.Rc1 Ra8 43.Qf4 g5 44.Qe5+ Kg6
45.Rc7 Ra1+ 46.Bc1 Qe6 47.Kh2 Qg4 48.Rc6+ Kh7 49.Qxd5 Qxg3+ 50.Kg1 Qf4 51.Qc4 Qf2+
52.Kh2 g4 53.Rh6+ Kg7  0-1

[Event "39th Olympiad Men"]
[Site "Khanty-Mansiysk RUS"]
[Date "2010.10.03"]
[Round "11"]
[White "Hammer,J"]
[Black "Georgiev,Vl"]
[Result "0-1"]
[WhiteElo "2633"]
[BlackElo "2573"]

1.d4 Nf6 2.c4 e6 3.Nf3 d5 4.Nc3 c6 5.e3 Nbd7 6.Qc2 a6 7.Bd2 dxc4 8.a4 c5
9.Bxc4 Qc7 10.Bb3 Bd6 11.O-O O-O 12.Ne4 Nxe4 13.Qxe4 Nf6 14.Qh4 Bd7 15.Rac1 Bc6
16.dxc5 Be7 17.Qg3 Qxg3 18.hxg3 Ne4 19.Bb4 a5 20.Ba3 Rfd8 21.Rc2 Bf6 22.g4 g5
23.Rfc1 Rd7 24.Kf1 Rad8 25.Ke1 h5 26.gxh5 g4 27.Nd4 Bxd4 28.exd4 Rxd4 29.Rc4 Nd2
30.Rxd4 Rxd4 31.Bc2 Bxg2 32.Rd1 Nf3+ 33.Ke2 Rc4 34.Rd8+ Kg7 35.Bd3 Rc1 36.Ke3 e5
37.Be2 Nd4 38.c6 Nxe2 39.Bf8+ Kh7 40.Be7 Nf4 41.Bf6 Nxh5  0-1

[Event "39th Olympiad Women"]
[Site "Khanty-Mansiysk RUS"]
[Date "2010.10.03"]
[Round "11"]
[White "Luojen,D"]
[Black "Elshereif,M"]
[Result "1/2-1/2"]
[WhiteElo "1885"]
[BlackElo "1766"]

1.d4 d5 2.c4 e6 3.Nc3 Nf6 4.Nf3 c6 5.e3 Bd6 6.Bd3 O-O 7.O-O Nbd7 8.e4 dxe4
9.Nxe4 Nxe4 10.Bxe4 Nf6 11.Bc2 Qc7 12.Qe2 Bf4 13.Bxf4 Qxf4 14.Rad1 Qc7 15.Ne5 c5
16.dxc5 Qxc5 17.Rd2 Qa5 18.b3 Rd8 19.Rxd8+ Qxd8 20.Rd1 Qc7 21.Qd2 g6 22.Qg5 Kg7
23.Nd3 b6 24.Qe5 Qe7 25.f3 Bb7 26.Nf2 Kg8 27.Qd6 Kf8 28.Kf1 Qxd6 29.Rxd6 Ke7
30.Rd2 Rd8 31.Rxd8 Kxd8 32.Ke2 Kd7 33.Ke3 e5 34.Nd1 Kd6 35.Nc3 Bc6 36.b4 a5
37.a3 axb4 38.axb4 Bd7 39.Na4 Bxa4 40.Bxa4 Kc7 41.h4 Kd6 42.f4 Ng4+ 43.Kf3 f5
44.g3 Nh2+ 45.Ke2 exf4 46.gxf4 Ng4 47.Bc2 Nf6 48.Ke3  1/2-1/2

[Event "USCL"]
[Site "ICC INT"]
[Date "2010.10.04"]
[Round "7"]
[White "Kaufman,La"]
[Black "Milman,L"]
[Result "0-1"]
[WhiteElo "2413"]
[BlackElo "2476"]

1.d4 d5 2.c4 c6 3.Nf3 Nf6 4.Nc3 e6 5.e3 Nbd7 6.Qc2 Bd6 7.Bd3 O-O 8.O-O dxc4
9.Bxc4 b5 10.Be2 Bb7 11.Rd1 Qc7 12.e4 e5 13.Bg5 b4 14.Na4 exd4 15.Bxf6 gxf6
16.Rxd4 c5 17.Rdd1 f5 18.e5 Nxe5 19.Qxf5 Nxf3+ 20.gxf3 Bxh2+ 21.Kh1 Qe5 22.Qg4+ Kh8
23.Bd3 c4 24.Bxc4 Rg8 25.Qh3 Rg5 26.Rd3 Rag8  0-1

[Event "Tatry Open"]
[Site "Tatranske Zruby CZE"]
[Date "2010.10.04"]
[Round "3"]
[White "Mosny,J"]
[Black "Simoncic,L"]
[Result "1-0"]
[WhiteElo "1982"]
[BlackElo "1752"]

1.d4 d5 2.c4 e6 3.Nc3 c6 4.e3 Nf6 5.Nf3 Bb4 6.Be2 O-O 7.O-O Bxc3 8.bxc3 Nbd7
9.Qc2 Ne4 10.Bd3 Ndf6 11.Ne5 h6 12.f3 Nd6 13.e4 Nd7 14.Bf4 Nxe5 15.Bxe5 dxc4
16.Be2 b5 17.a4 Ne8 18.Rfb1 Bd7 19.axb5 cxb5 20.Ra6 Bc8 21.Ra3 Qe7 22.Qa2 a6
23.Rxb5 axb5 24.Rxa8 Nd6 25.Qa3 Rd8 26.Bxd6  1-0